Chile en el período de las vacas gordas: sus grandes beneficiarios
Furkejuvvon:
| Váldodahkki: | |
|---|---|
| Materiálatiipa: | Girji |
| Giella: | espánnjágiella |
| Almmustuhtton: |
Santiago
LOM
2007
|
| Fáttát: | |
| Fáddágilkorat: |
Lasit fáddágilkoriid
Eai fáddágilkorat, Lasit vuosttaš fáddágilkora!
|
MARC
| LEADER | 00000nam a2200000 a 4500 | ||
|---|---|---|---|
| 001 | UCI1379 | ||
| 003 | CL-VaPUC | ||
| 008 | 070629e20070400CL |||||||||||||||||spa|d | ||
| 020 | |a 9789563106329 | ||
| 082 | 0 | 4 | |a 330.983 |b FAZ |2 21 |
| 100 | 0 | |a Fazio Rigazzi, Hugo |e author |9 521858 | |
| 245 | 1 | 0 | |a Chile en el período de las vacas gordas: sus grandes beneficiarios |
| 300 | |a 317 p | ||
| 942 | |c BK | ||
| 945 | |d 20070629 00:00:00 |a jtorresc | ||
| 260 | |a Santiago |b LOM |c 2007 | ||
| 650 | 0 | |a Historia económica |9 307218 | |
| 650 | 7 | |a ECONOMIA CHILENA |2 CL-VaPUC |9 410148 | |
| 650 | 0 | |a Condiciones económicas |9 258255 | |
| 650 | 0 | |a Desarrollo económico y social |9 256320 | |
| 651 | 7 | |a CHILE |2 CL-VaPUC |9 521859 | |
| 583 | |a last modification |c 20070629 00:00:00 |k Rodrigo Vera | ||
| 999 | |c 326206 |d 326204 | ||
| 952 | |0 0 |1 0 |4 0 |6 330_983000000000000_FAZ_2007 |7 0 |8 A |9 407969 |a BIBHIS |b BIBHIS |d 2019-11-22 |i 4351398 |o 330.983 FAZ 2007 |p 4351398 |r 2025-01-20 |w 2019-11-22 |y BK |k HIS | ||